[Event "FRA-chT3"]
[Site "France"]
[Date "2012.01.15"]
[Round "4"]
[White "Moine, Patrick"]
[Black "Guerin, Patrick"]
[Result "1/2-1/2"]
[WhiteElo "1862"]
[BlackElo "1680"]
[PlyCount "35"]
[EventDate "2012.01.20"]
[EventType "team-match"]
[EventRounds "9"]
[EventCountry "FRA"]
[SourceTitle "EXT 2014"]
[Source "ChessBase"]
[SourceDate "2013.11.20"]
[SourceVersion "1"]
[SourceVersionDate "2013.11.20"]
[SourceQuality "1"]

1. d4 Nf6 2. c4 c5 3. d5 b5 4. e3 b4 5. b3 d6 6. Bb2 Bf5 7. Bd3 Bxd3 8. Qxd3 g6 9. Nf3 Bg7 10. Nbd2 0-0 11. 0-0 Nbd7 12. Rab1 a5 13. Rfe1 Qc7 14. e4 h6 15. h3 Kh7 16. Kh1 Kg8 17. Kg1 Kh7 18. Kh1 1/2-1/2